00660 2200241 4500001002100000005001700021008004100038035002400079082000800103090001500111111002200126245008500148260002700233300002500260500004100285500001100326650001000337700002200347850001500369980001300384985000600397999001500403YOGYA-0209000001206720090227022206.0 ind  0010-020900000012067 a500 a500bHan M aHANS JURGEN PRESS aMelacak alamcHans Jurgen Press; penerjemahan dilakukan oleh, R.S. Hardjapamekas aBandungbAngkasac1984 a143 hlmbilusc21 cm aJudul asli : Der Nature ouf der spur aIndeks aSains aHarjapamekas, R.S aYOPDYOG(B) a05-12-06 a1 a93P0040209